MARC details
| 000 -LEADER |
| fixed length control field |
01764cam a2200481Ia 4500 |
| 001 - CONTROL NUMBER |
| control field |
ocn505422719 |
| 003 - CONTROL NUMBER IDENTIFIER |
| control field |
OCoLC |
| 005 - DATE AND TIME OF LATEST TRANSACTION |
| control field |
20211221154120.0 |
| 008 - FIXED-LENGTH DATA ELEMENTS--GENERAL INFORMATION |
| fixed length control field |
101006s2010 enka j 001 0 eng d |
| 020 ## - INTERNATIONAL STANDARD BOOK NUMBER |
| International Standard Book Number |
9780756668808 (hc.) |
| 020 ## - INTERNATIONAL STANDARD BOOK NUMBER |
| International Standard Book Number |
0756668808 (hc.) |
| 020 ## - INTERNATIONAL STANDARD BOOK NUMBER |
| International Standard Book Number |
9780756666910 (pbk.) |
| 020 ## - INTERNATIONAL STANDARD BOOK NUMBER |
| International Standard Book Number |
0756666910 (pbk.) |
| 035 ## - SYSTEM CONTROL NUMBER |
| System control number |
(OCoLC)505422719 |
| 040 ## - CATALOGING SOURCE |
| Original cataloging agency |
BTCTA |
| Transcribing agency |
BTCTA |
| Modifying agency |
WIQ |
| -- |
JAI |
| -- |
BKX |
| -- |
NYP |
| -- |
EHH |
| -- |
WACOL |
| Description conventions |
rda |
| 049 ## - LOCAL HOLDINGS (OCLC) |
| Holding library |
WACL |
| 050 14 - LIBRARY OF CONGRESS CALL NUMBER |
| Classification number |
PN1995.9.S695 |
| Item number |
S767 2010 |
| 082 04 - DEWEY DECIMAL CLASSIFICATION NUMBER |
| Classification number |
791.45/75 |
| Edition number |
22 |
| 092 ## - LOCALLY ASSIGNED DEWEY CALL NUMBER (OCLC) |
| Classification number |
childrens |
| Item number |
Hib |
| 100 1# - MAIN ENTRY--PERSONAL NAME |
| Personal name |
Hibbert, Clare. |
| 9 (RLIN) |
5831394 |
| Relator term |
author |
| 245 10 - TITLE STATEMENT |
| Title |
Clone troopers in action / |
| Statement of responsibility, etc |
Clare Hibbert. |
| 246 30 - VARYING FORM OF TITLE |
| Title proper/short title |
Star Wars |
| 260 ## - PUBLICATION, DISTRIBUTION, ETC. (IMPRINT) |
| Place of publication, distribution, etc |
London ; |
| -- |
New York : |
| Name of publisher, distributor, etc |
DK, |
| Date of publication, distribution, etc |
2010. |
| 264 #1 - Production, Publication, Distribution, Manufacture, and Copyright Notice. |
| Place of production, publication, distribution, manufacture |
London ; |
| -- |
New York : |
| Name of producer, publisher, distributor, manufacturer |
DK, |
| Date of production, publication, distribution, manufacture, or copyr |
2010. |
| 300 ## - PHYSICAL DESCRIPTION |
| Extent |
32 p. : |
| Other physical details |
col. ill. ; |
| Dimensions |
24 cm. |
| 336 ## - Content Type |
| Content type term |
text |
| 337 ## - Media type |
| Media type term |
unmediated |
| 338 ## - Carrier type |
| Carrier type term |
volume |
| 490 1# - SERIES STATEMENT |
| Series statement |
DK readers. 2, Beginning to read alone |
| 500 ## - GENERAL NOTE |
| General note |
"Lucas Books."--P. [4] of cover. |
| 500 ## - GENERAL NOTE |
| General note |
Includes index. |
| 520 ## - SUMMARY, ETC. |
| Summary, etc |
Tells the story of the clone troopers in "Star Wars: Attack Of The Clones" and how they were created on Kamino as clones of Jengo Fett to do battle against the separatists. |
| 521 ## - TARGET AUDIENCE NOTE |
| Target audience note |
children |
| Source |
penworthy |
| 650 #0 - SUBJECT ADDED ENTRY--TOPICAL TERM |
| Topical term or geographic name as entry element |
Star Wars films |
| Form subdivision |
Juvenile literature. |
| 9 (RLIN) |
5673764 |
| 650 #0 - SUBJECT ADDED ENTRY--TOPICAL TERM |
| Topical term or geographic name as entry element |
Space warfare |
| Form subdivision |
Juvenile literature. |
| 9 (RLIN) |
6435704 |
| 650 #0 - SUBJECT ADDED ENTRY--TOPICAL TERM |
| Topical term or geographic name as entry element |
Star Wars films |
| General subdivision |
Characters |
| Form subdivision |
Juvenile literature. |
| 9 (RLIN) |
5699881 |
| 650 #1 - SUBJECT ADDED ENTRY--TOPICAL TERM |
| Topical term or geographic name as entry element |
Star Wars films. |
| 9 (RLIN) |
5861914 |
| 650 #1 - SUBJECT ADDED ENTRY--TOPICAL TERM |
| Topical term or geographic name as entry element |
Space warfare. |
| 9 (RLIN) |
5861915 |
| 655 #0 - INDEX TERM--GENRE/FORM |
| Genre/form data or focus term |
Star Wars fiction. |
| 9 (RLIN) |
5691710 |
| 830 #0 - SERIES ADDED ENTRY--UNIFORM TITLE |
| Uniform title |
Dorling Kindersley readers. |
| Number of part/section of a work |
2 |
| Name of part/section of a work |
Beginning to read alone. |
| 9 (RLIN) |
49038 |
| 942 ## - ADDED ENTRY ELEMENTS (KOHA) |
| Koha item type |
BOOK |
| Source of classification or shelving scheme |
Dewey Decimal Classification |
| 948 ## - LOCAL PROCESSING INFORMATION (OCLC); SERIES PART DESIGNATOR (RLIN) |
| Series part designator, SPT (RLIN) |
01/26/2011 |
| z (OCLC) |
Sirsi |